| 000 | 00598cam a2200241ua 4500 | ||
|---|---|---|---|
| 020 | _cRs.5/- | ||
| 041 |
_aeng _h |
||
| 082 |
_a530 _bOUS/TE |
||
| 100 | _aOuseph, C C. | ||
| 245 |
_aText book of physics for the pre-professional course, Part-II / _cC.C Ouseph. _hTextual Documents |
||
| 260 |
_aChennai : _bS.Viswanathan , _c1964. |
||
| 300 | _a432 ; . | ||
| 365 | _aRs.5/- | ||
| 504 | _a | ||
| 942 | _cBK | ||
| 999 |
_c240 _d240 |
||